000 00464 a2200169 4500
001 145226
040 _cLeonardo Da Vinci
041 _aPortuguês
082 _a303.4833 S571r
_bS571r
100 _aSIQUEIRA, Ethevaldo
245 _aRevolução digital: história e tecnologia no século 20
260 _bSaraiva
_c2007
_aSão Paulo
300 _a369
362 _a20070000
697 _aTecnologia da informação
_aComputadores e civilização
942 _cBK
999 _c145226
_d145226